Enzyklopädie-Reisesprachführer Deutsch-Tschechisch

Salvato in:
Dettagli Bibliografici
Natura: Libro
Lingua:tedesco
Pubblicazione: Leipzig Enzyklopädie 1979
Tags: Aggiungi Tag
Nessun Tag, puoi essere il primo ad aggiungerne!!

MARC

LEADER 00000nam a2200000 4500
001 0223076
005 20260129132437.8
041 0 |a ger 
044 |a DE 
245 1 0 |a Enzyklopädie-Reisesprachführer Deutsch-Tschechisch  |c Josef Březina 
264 1 |a Leipzig  |b Enzyklopädie  |c 1979 
300 |a 168 s.